| 000 | 00505nam a2200193Ia 4500 | ||
|---|---|---|---|
| 008 | 170918s9999 xx 000 0 und d | ||
| 020 | _a140707042 | ||
| 050 | _bS527ju 1967 | ||
| 100 | _aShakespeare, William | ||
| 245 | _aJulius Caesar / | ||
| 245 | _cby William Shakespeare ; edited by Norman Sanders. | ||
| 260 | _aEngland : | ||
| 260 | _bPenguin Books, | ||
| 260 | _c1967 | ||
| 300 | _a250 pages : | ||
| 300 | _billustrations ; | ||
| 300 | _c18cm. | ||
| 300 | _eThe new penguin Shakespeare. | ||
| 999 |
_c343470 _d343470 |
||